En el castillo de Barbazul
Saved in:
| Main Author: | |
|---|---|
| Format: | Book |
| Language: | Spanish |
| Published: |
Barcelona
Labor
1977
|
| Series: | Punto Omega. Sección Historia y Cultura, 227
|
| Subjects: | |
| Tags: |
Add Tag
No Tags, Be the first to tag this record!
|
MARC
| LEADER | 00000nam a2200000 a 4500 | ||
|---|---|---|---|
| 001 | UCW0202 | ||
| 003 | CL-VaPUC | ||
| 008 | 910509e19770000SP |||||||||||||||||spa|d | ||
| 082 | 0 | 4 | |a 306 |b STE |2 21 |
| 100 | 0 | |a Steiner, George |e author |9 304159 | |
| 245 | 1 | 0 | |a En el castillo de Barbazul |
| 300 | |a 123 p | ||
| 942 | |c BK | ||
| 945 | |d 19910509 00:00:00 | ||
| 260 | |a Barcelona |b Labor |c 1977 | ||
| 650 | 0 | |a Civilización |9 255823 | |
| 650 | 0 | |a Cultura |9 269059 | |
| 583 | |a last modification |c 19910509 00:00:00 |k Rodrigo Vera | ||
| 490 | 0 | |a Punto Omega. Sección Historia y Cultura, 227 | |
| 999 | |c 215430 |d 215428 | ||
| 952 | |0 0 |1 0 |4 0 |6 306_000000000000000_STE_1977 |7 0 |8 A |9 199716 |a BIBART |b BIBART |d 2019-11-14 |i 2669749 |o 306 STE 1977 |p 2669749 |r 2025-03-13 |w 2019-11-14 |y BK |k ART | ||